| 000 | 00833nam a22002177a 4500 | ||
|---|---|---|---|
| 999 |
_c11456 _d11456 |
||
| 003 | AR-CdUCM | ||
| 008 | 190404b ||||| |||| 00| 0 spa d | ||
| 040 |
_aMUNICIPALIDAD PROVINCIAL DEL CUSCO _cBIBLIOTECA MUNICIPAL DEL CUSCO |
||
| 082 |
_a668.4 / _bR68 / 1949 |
||
| 100 |
_aRivera, Horacio. _928825 |
||
| 245 | _aPlásticos y otros productos derivados de la caseína y la celulosa / | ||
| 260 |
_aBuenos Aires : _bHobby, _c1949 |
||
| 300 |
_a10 paginas ; _c19 cm. |
||
| 440 |
_aManuales Hobby _n5 _928826 |
||
| 505 | _aContenido : Caseina -- Análisis de las caseinas industriales -- Dosaje de la humedad -- Adhesivos a base de caseina -- Otros plásticos a base de proteínas .. | ||
| 650 |
_aPlastico _928827 |
||
| 650 |
_aLaminación _928828 |
||
| 650 |
_aLacas celulosicas _928829 |
||
| 942 |
_2ddc _cLIBROS |
||
| 945 | _awnts | ||